Govt. of
Madhya Pradesh

Sylvester or the Wicked Uncle (Record no. 31224)

MARC details
000 -LEADER
fixed length control field 004350000a22001810004500
003 - CONTROL NUMBER IDENTIFIER
control field MACL
005 - DATE AND TIME OF LATEST TRANSACTION
control field 20160129124355.0
008 - FIXED-LENGTH DATA ELEMENTS--GENERAL INFORMATION
fixed length control field 160129b xxu||||| |||| 00| 0 eng d
040 ## - CATALOGING SOURCE
Original cataloging agency MACL
Transcribing agency MACL
041 ## - LANGUAGE CODE
Language code of text/sound track or separate title English
082 ## - DEWEY DECIMAL CLASSIFICATION NUMBER
Classification number 823/SYL
100 ## - MAIN ENTRY--PERSONAL NAME
Personal name Heyer, Georgette
9 (RLIN) 35265
245 ## - TITLE STATEMENT
Title Sylvester or the Wicked Uncle
260 ## - PUBLICATION, DISTRIBUTION, ETC. (IMPRINT)
Name of publisher, distributor, etc. Arrow
Date of publication, distribution, etc. 2000
Place of publication, distribution, etc. Africa
350 ## - PRICE (NR) (BK AM CF MU VM SE) [OBSOLETE]
Price 227
650 ## - SUBJECT ADDED ENTRY--TOPICAL TERM
Topical term or geographic name as entry element Fiction
9 (RLIN) 35266
942 ## - ADDED ENTRY ELEMENTS (KOHA)
Koha item type Books
Call number prefix 823/HEY
Source of classification or shelving scheme
Holdings
Withdrawn status Lost status Source of classification or shelving scheme Damaged status Not for loan Home library Current library Date acquired Cost, normal purchase price Total Checkouts Full call number Barcode Date last seen Uniform Resource Identifier Price effective from Koha item type
          MACL MACL 15/04/2015 227.00   823/HEY CLC001946 29/04/2015 31275 15/04/2015 Books